Reprezentacje siatkarskie kobiet na IO 2024 - Statystyki

Ogólne statystyki
  • Ten quiz został rozwiązany 192 razy
  • Średni wynik to 9 z 12
Statystyki odpowiedzi
Grupa A % Poprawnych
Polska
99%
Włochy
93%
Brazylia
92%
Japonia
85%
USA
85%
Francja
82%
Chiny
71%
Serbia
68%
Turcja
67%
Dominikana
49%
Kenia
48%
Holandia
47%
Nie znaleziono quizów pasujących do podanych kryteriów
Rozkład punktacji
Procent ludzi z każdym wynikiem
Percentyl według liczby udzielonych odpowiedzi
Twoja historia wyników
Nie rozwiązałeś tego quizu